Liquidación de la monarquía parlamentaria

Saved in:
Bibliographic Details
Main Author: Maeztu, Ramiro de (autor)
Format: Book
Language:Spanish
Published: Madrid Nacional 1957
Series:Obras de Ramiro de Maeztu, 13
Subjects:
Tags: Add Tag
No Tags, Be the first to tag this record!

MARC

LEADER 00000nam a2200000 a 4500
001 UCS2595
003 CL-VaPUC
008 970604e19570000SP |||||||||||||||||spa|d
082 0 4 |a 946.074  |b MAE  |2 21 
100 |a Maeztu, Ramiro de  |e autor  |9 339605 
245 1 0 |a Liquidación de la monarquía parlamentaria 
300 |a 336 p 
942 |c BK 
945 |d 19970604 00:00:00  |a paguirre 
260 |a Madrid  |b Nacional  |c 1957 
600 0 7 |a ALFONSO XII  |2 CL-VaPUC  |9 388205 
600 0 7 |a ALFONSO XIII  |2 CL-VaPUC  |9 388206 
600 0 7 |a PRIMO DE RIVERA, JOSE ANTONIO  |2 CL-VaPUC  |9 388207 
650 0 |a Historia  |9 255047 
650 7 |a REVOLUCIONES POLITICAS  |2 CL-VaPUC  |9 388208 
650 0 |a Guerra civil  |9 320243 
650 0 |a Problemas sociales  |9 258537 
650 0 |a Dictadura   |9 341206 
650 7 |a SISTEMAS POLITICOS  |2 CL-VaPUC  |9 388209 
650 0 |a Monarquía   |9 255259 
651 0 |a España  |9 254926 
583 |a last modification  |c 19970604 00:00:00  |k Rodrigo Vera 
490 0 |a Obras de Ramiro de Maeztu, 13 
999 |c 260539  |d 260537 
952 |0 0  |1 0  |4 0  |6 946_074000000000000_MAE_1957  |7 0  |8 P  |9 286727  |a BIBDER  |b BIBDER  |d 2019-11-19  |i 1861603  |o 946.074 MAE 1957  |p 1861603  |r 2023-01-25  |w 2019-11-19  |y BK  |k DER